[Event "59581 I. Budapest Open"]
[Site "Budapest, Hungary"]
[Date "2011.08.25"]
[Round "6.10"]
[White "Yip, Michael"]
[Black "Medve, Mark"]
[Result "0-1"]
[WhiteElo "1982"]
[BlackElo "1635"]
[PlyCount "88"]
[EventDate "2011.??.??"]
 
1. Nf3 c5 2. c4 b6 3. d4 cxd4 4. Nxd4 Nf6 5. Nc3 Bb7 6. f3 d6 7. e4 g6 8. Be3
Bg7 9. Be2 O-O 10. O-O Nbd7 11. a4 Ne5 12. a5 a6 13. axb6 Qxb6 14. Nf5 Qc7 15.
Nxg7 Kxg7 16. Nd5 Bxd5 17. cxd5 Qb7 18. f4 Ned7 19. Qd4 Rfb8 20. e5 dxe5 21.
fxe5 Nxd5 22. e6+ N7f6 23. Bf3 fxe6 24. Qe5 Qd7 25. Bd4 Rf8 26. Rfe1 a5 27.
Qxe6 Qxe6 28. Rxe6 Kf7 29. Rae1 Rad8 30. Ra6 Nb4 31. Ra7 Rxd4 32. Rexe7+ Kg8
33. h3 Nd3 34. Rxa5 Nxb2 35. Raa7 Nd3 36. Kh2 Nc5 37. Rac7 Rd7 38. Rexd7 Ncxd7
39. Kg3 Ne5 40. Bd1 Ne4+ 41. Kh2 Nd2 42. Be2 Rf7 43. Rc5 Re7 44. Kg3 Ne4+ 0-1

[Event "59581 I. Budapest Open"]
[Site "Budapest, Hungary"]
[Date "2011.08.25"]
[Round "6.11"]
[White "Farkas, Laszlo"]
[Black "Pammer-Zagroczky, Gabor"]
[Result "1-0"]
[WhiteElo "1911"]
[BlackElo "1937"]
[PlyCount "70"]
[EventDate "2011.??.??"]
 
1. d4 Nf6 2. Nf3 g6 3. g3 Bg7 4. Bg2 O-O 5. O-O c6 6. c4 d6 7. Nc3 Nbd7 8. Qc2
Qc7 9. e4 e5 10. Rd1 a5 11. b3 exd4 12. Nxd4 Nc5 13. Ba3 Rd8 14. Nde2 Na6 15.
Rac1 Bh6 16. f4 Ng4 17. Qd2 Qb6+ 18. Nd4 Be6 19. h3 Ne5 20. Na4 Qa7 21. Kh2 Nb4
22. Qe2 Ned3 23. Rxd3 Nxd3 24. Qxd3 Qb8 25. Rd1 Bf8 26. Bb2 Bg7 27. Nc3 Bd7 28.
f5 b5 29. cxb5 cxb5 30. Ba1 b4 31. Nce2 Ra7 32. Nf4 a4 33. Nd5 f6 34. Ne7+ Kh8
35. Nec6 axb3 1-0

[Event "59581 I. Budapest Open"]
[Site "Budapest, Hungary"]
[Date "2011.08.25"]
[Round "6.12"]
[White "Krizsany, Laszlo Sr"]
[Black "Farkas, Akos"]
[Result "0-1"]
[WhiteElo "1944"]
[BlackElo "1683"]
[PlyCount "40"]
[EventDate "2011.??.??"]
 
1. d4 Nf6 2. Nf3 g6 3. g3 d5 4. Bg2 Bg7 5. O-O O-O 6. c3 Nbd7 7. Nbd2 e6 8. Re1
c5 9. e4 dxe4 10. Nxe4 Nxe4 11. Rxe4 b6 12. Re1 Bb7 13. Be3 Rc8 14. Re2 Qf6 15.
Ne5 Bxg2 16. Nxd7 Qf3 17. Rd2 Rfd8 18. dxc5 Qxd1+ 19. Raxd1 Bf3 20. Nf6+ Bxf6
0-1

[Event "59581 I. Budapest Open"]
[Site "Budapest, Hungary"]
[Date "2011.08.25"]
[Round "6.13"]
[White "Mihaly, Zoltan"]
[Black "Mester, Attila"]
[Result "1/2-1/2"]
[WhiteElo "1745"]
[BlackElo "2119"]
[PlyCount "71"]
[EventDate "2011.??.??"]
 
1. c4 e5 2. Nc3 Nf6 3. g3 c6 4. Bg2 d5 5. cxd5 cxd5 6. d4 exd4 7. Qxd4 Nc6 8.
Qa4 Be7 9. Bf4 O-O 10. Nf3 Bf5 11. Nd4 Nxd4 12. Qxd4 Qa5 13. O-O Rfd8 14. Qe5
Be6 15. Rfd1 Bd6 16. Qd4 Bc5 17. Qd3 Rac8 18. Qb5 Qb6 19. Qxb6 Bxb6 20. Bg5 Rd7
21. Bxf6 gxf6 22. Nxd5 Bxd5 23. Rxd5 Rxd5 24. Bxd5 Rc2 25. e3 Rxb2 26. Bxb7
Bxe3 27. fxe3 Rxb7 28. Rf1 Kg7 29. Kg2 Kg6 30. Rf2 Rb4 31. Kf3 f5 32. Re2 Ra4
33. Rd2 Kf6 34. Rd6+ Kg7 35. Rd2 h5 36. h4 1/2-1/2

[Event "59581 I. Budapest Open"]
[Site "Budapest, Hungary"]
[Date "2011.08.25"]
[Round "6.14"]
[White "Bodrogi, Laszlo"]
[Black "Kozak, Adam"]
[Result "0-1"]
[WhiteElo "2035"]
[BlackElo "1809"]
[PlyCount "96"]
[EventDate "2011.??.??"]
 
1. d4 Nf6 2. c4 c5 3. d5 b5 4. cxb5 a6 5. e3 Bb7 6. Nc3 g6 7. a4 d6 8. Ra3 Bg7
9. Bc4 O-O 10. Nge2 Nbd7 11. bxa6 Bxa6 12. Bxa6 Rxa6 13. O-O Qa8 14. e4 Rb8 15.
Nb5 Rb7 16. Nec3 Nb6 17. b3 Nfd7 18. f4 c4 19. bxc4 Nxc4 20. Rb3 Nc5 21. Rb1
Nxa4 22. Qd3 Nxc3 23. Nxc3 Rxb1 24. Nxb1 Qa7+ 25. Kh1 Qc5 26. e5 dxe5 27. fxe5
Bxe5 28. Bg5 f6 29. Nd2 Nxd2 30. Bxd2 Rd6 31. Be3 Qxd5 32. Qxd5+ Rxd5 33. g3
Kg7 34. Kg2 Rd3 35. Rf3 Kg8 36. Bc5 Rd7 37. Re3 Kf7 38. Kf3 h5 39. h3 Bd6 40.
Rd3 Ke6 41. Be3 Rc7 42. g4 hxg4+ 43. hxg4 Rc4 44. Rb3 g5 45. Rb6 Kf7 46. Bd2
Rc2 47. Be3 Rc3 48. Ke4 Rxe3+ 0-1

[Event "59581 I. Budapest Open"]
[Site "Budapest, Hungary"]
[Date "2011.08.25"]
[Round "6.15"]
[White "Balla, Attila"]
[Black "Zsembery, Aron"]
[Result "1/2-1/2"]
[WhiteElo "1722"]
[BlackElo "1856"]
[PlyCount "43"]
[EventDate "2011.??.??"]
 
1. d4 Nf6 2. c4 e6 3. Nf3 d5 4. Nc3 Be7 5. Bg5 O-O 6. e3 b6 7. Qc2 Bb7 8. cxd5
Nxd5 9. Bxe7 Nxe7 10. Bd3 Ng6 11. Ne4 Nd7 12. h4 Rc8 13. h5 Ne7 14. Neg5 h6 15.
Bh7+ Kh8 16. Bg8 f5 17. Nxe6 Qe8 18. Nxf8 Kxg8 19. Nxd7 Qxd7 20. Ne5 Qd6 21. f3
c5 22. Qd3 1/2-1/2

[Event "59581 I. Budapest Open"]
[Site "Budapest, Hungary"]
[Date "2011.08.25"]
[Round "6.16"]
[White "Lajtos, Levente"]
[Black "Sarkozi, Ferenc"]
[Result "0-1"]
[WhiteElo "1704"]
[BlackElo "1939"]
[PlyCount "66"]
[EventDate "2011.??.??"]
 
1. d4 d5 2. c4 c6 3. Nc3 Nf6 4. Nf3 dxc4 5. e4 b5 6. a4 b4 7. Na2 e6 8. Bxc4
Nxe4 9. Ne5 Nd6 10. Qf3 Qf6 11. Qd3 a5 12. Be3 Be7 13. Nc1 O-O 14. Nb3 Rd8 15.
Rc1 Nxc4 16. Qxc4 Bd6 17. Nxc6 Nxc6 18. Qxc6 Ba6 19. Nxa5 Qg6 20. Nb3 Bd3 21.
Nc5 Bxc5 22. Qxc5 Rxa4 23. Qg5 Qxg5 24. Bxg5 f6 25. Be3 Ra2 26. Rd1 Bc2 27. Rc1
b3 28. Bd2 Rxd4 29. Bc3 Re4+ 30. Kd2 Ra6 31. f3 Rd6+ 32. Bd4 Rdxd4+ 33. Kc3
Rd3# 0-1

[Event "59581 I. Budapest Open"]
[Site "Budapest, Hungary"]
[Date "2011.08.25"]
[Round "6.17"]
[White "Toth, Antal"]
[Black "Bartuszek, Andras"]
[Result "1-0"]
[WhiteElo "1668"]
[BlackElo "1883"]
[PlyCount "87"]
[EventDate "2011.??.??"]
 
1. e4 c5 2. Nf3 d6 3. d4 cxd4 4. Nxd4 Nf6 5. Nc3 a6 6. Be2 g6 7. Be3 Bg7 8. Qd2
Nc6 9. Nxc6 bxc6 10. O-O O-O 11. Rad1 Ng4 12. Bxg4 Bxg4 13. f3 Be6 14. b3 Re8
15. Ne2 Qc7 16. c4 a5 17. Bd4 f6 18. c5 d5 19. exd5 Bxd5 20. Nc3 e5 21. Nxd5
cxd5 22. Bf2 d4 23. Rc1 Re6 24. Rc4 Rc6 25. Rfc1 Bf8 26. Qd3 Bxc5 27. Qe4 Rc8
28. a3 Qd6 29. b4 f5 30. Qb1 axb4 31. axb4 Bb6 32. Qb3 Kg7 33. g3 Rxc4 34. Rxc4
Qd5 35. Rc7+ Rxc7 36. Qxd5 Rc1+ 37. Kg2 Bc7 38. b5 h5 39. f4 e4 40. Bxd4+ Kh6
41. Qd7 h4 42. Qg7+ Kh5 43. Qh7+ Kg4 44. Qxh4# 1-0

[Event "59581 I. Budapest Open"]
[Site "Budapest, Hungary"]
[Date "2011.08.25"]
[Round "6.18"]
[White "Szoukup, Istvan"]
[Black "Pollak, Andras"]
[Result "1-0"]
[WhiteElo "1825"]
[BlackElo "1700"]
[PlyCount "42"]
[EventDate "2011.??.??"]
 
1. e4 e6 2. d4 d5 3. Nc3 Bb4 4. e5 Ne7 5. a3 Bxc3+ 6. bxc3 h6 7. c4 c6 8. cxd5
exd5 9. Bd3 Bf5 10. Nf3 c5 11. c3 c4 12. Bxf5 Nxf5 13. O-O O-O 14. a4 Re8 15.
Ba3 Nc6 16. Rb1 b6 17. Qc2 Nh4 18. Qe2 Re6 19. Nxh4 Qxh4 20. Rb5 Rd8 21. Qf3
Qe4 1-0

[Event "59581 I. Budapest Open"]
[Site "Budapest, Hungary"]
[Date "2011.08.25"]
[Round "6.19"]
[White "Vinnay, Istvan"]
[Black "Krstulovic, Alex"]
[Result "0-1"]
[WhiteElo "1720"]
[BlackElo "1597"]
[PlyCount "106"]
[EventDate "2011.??.??"]
 
1. c4 e5 2. Nc3 Bb4 3. Qb3 Nc6 4. Nf3 d6 5. a3 Bc5 6. e3 Nge7 7. Be2 O-O 8. O-O
Bg4 9. d3 Qd7 10. Qc2 a5 11. b3 d5 12. cxd5 Nxd5 13. Bb2 Nxc3 14. Qxc3 Bd6 15.
Qc2 Rad8 16. Rfd1 Qe7 17. h3 Bf5 18. Ne1 e4 19. dxe4 Bxe4 20. Bd3 Bxd3 21. Nxd3
f6 22. Qc4+ Qf7 23. Qxf7+ Kxf7 24. Kf1 Ke6 25. Ke2 g6 26. Rac1 Ne7 27. e4 g5
28. f3 b6 29. b4 axb4 30. axb4 Ng6 31. Bc3 c5 32. bxc5 bxc5 33. Ba5 Rc8 34. Bb6
c4 35. Ne1 Nf4+ 36. Kf1 Rc6 37. Be3 Rfc8 38. Nc2 Bc5 39. Bxf4 gxf4 40. Ke2 R6c7
41. Nd4+ Bxd4 42. Rxd4 Ke5 43. Rd5+ Ke6 44. Kf2 Rc5 45. Rxc5 Rxc5 46. g3 fxg3+
47. Kxg3 Ke5 48. Kf2 Kd4 49. Ke2 Rh5 50. Rd1+ Kc3 51. Rc1+ Kb3 52. Ke3 c3 53.
Kd4 c2 0-1

[Event "59581 I. Budapest Open"]
[Site "Budapest, Hungary"]
[Date "2011.08.25"]
[Round "6.20"]
[White "Kokeny, Norbert Adrian"]
[Black "Falucskai, Istvan Roland"]
[Result "0-1"]
[WhiteElo "1574"]
[BlackElo "1715"]
[PlyCount "118"]
[EventDate "2011.??.??"]
 
1. d4 c5 2. c3 d5 3. Nf3 Bg4 4. Bf4 Nc6 5. e3 Nf6 6. Bd3 e6 7. Nbd2 Bd6 8. Bxd6
Qxd6 9. h3 Bh5 10. O-O O-O 11. Re1 b6 12. Qe2 e5 13. dxe5 Nxe5 14. Qf1 Nxd3 15.
Qxd3 Bg6 16. Qf1 Ne4 17. Nxe4 Bxe4 18. Nd2 Bf5 19. Rad1 Rad8 20. e4 dxe4 21.
Nxe4 Qg6 22. Rxd8 Rxd8 23. Rd1 Rxd1 24. Qxd1 h6 25. Ng3 Bd3 26. Qf3 a6 27. h4
b5 28. h5 Qd6 29. Nf5 Qd7 30. Ng3 b4 31. cxb4 cxb4 32. Qf4 Qb5 33. Qd4 a5 34.
Ne4 Bxe4 35. Qxe4 Qxh5 36. Qe8+ Kh7 37. Qe4+ Qg6 38. Qe1 Qd6 39. Qe4+ g6 40.
Qc4 Qd1+ 41. Kh2 Qd6+ 42. Kg1 Kg7 43. Qe2 Qd4 44. Kh2 a4 45. b3 axb3 46. axb3
Qc3 47. Qd1 h5 48. Qd5 h4 49. Qd1 g5 50. Qd5 f6 51. Qd7+ Kg6 52. Qe8+ Kf5 53.
Qd7+ Ke4 54. f3+ Ke3 55. Qd1 Qd2 56. Qb1 Kd4 57. Qe4+ Kc3 58. Qc4+ Kb2 59. Qe4
Qf4+ 0-1

[Event "59581 I. Budapest Open"]
[Site "Budapest, Hungary"]
[Date "2011.08.25"]
[Round "6.21"]
[White "Nebenfuhrer, Gyorgy"]
[Black "Czimer, Jozsef"]
[Result "1-0"]
[WhiteElo "1605"]
[BlackElo "1750"]
[PlyCount "93"]
[EventDate "2011.??.??"]
 
1. d4 g6 2. e4 Bg7 3. Nf3 d6 4. Be3 c5 5. Nc3 cxd4 6. Bxd4 Nf6 7. Bc4 Nc6 8.
Be3 O-O 9. O-O Bg4 10. h3 Ne5 11. Be2 Nxf3+ 12. Bxf3 Bxf3 13. Qxf3 Nd7 14. Bg5
Ne5 15. Qe2 h6 16. Be3 e6 17. Rad1 a6 18. Qd2 Nc4 19. Qc1 Qa5 20. Bd4 e5 21.
Be3 Nxe3 22. Qxe3 Rfd8 23. a3 Rac8 24. Rd5 Qc7 25. Rfd1 b5 26. Qd3 Bf8 27. Qd2
Kg7 28. g4 Re8 29. Qe3 Re6 30. R5d2 Qc5 31. Qg3 Be7 32. h4 Kh7 33. Nd5 Bd8 34.
Qf3 Kg7 35. Qh3 Qa7 36. Kg2 Rc4 37. Re2 a5 38. b3 Rc6 39. Rf1 f6 40. f4 Qf7 41.
f5 gxf5 42. gxf5 Re8 43. Rg1 Qh5 44. Kh1+ Kh7 45. Reg2 Ra6 46. Rg6 Rf8 47. Qg3
1-0

[Event "59581 I. Budapest Open"]
[Site "Budapest, Hungary"]
[Date "2011.08.25"]
[Round "6.22"]
[White "Schatzer, Andras"]
[Black "Horvath, Zoltan"]
[Result "1-0"]
[WhiteElo "1798"]
[BlackElo "1513"]
[PlyCount "83"]
[EventDate "2011.??.??"]
 
1. e4 e5 2. Nf3 Nc6 3. Bc4 h6 4. d4 exd4 5. O-O d6 6. e5 dxe5 7. Re1 Bd6 8.
Nxd4 Nf6 9. Nxc6 bxc6 10. Qf3 Bd7 11. Bf4 Qe7 12. Bb5 Rb8 13. Bxc6 Rxb2 14.
Bxd7+ Nxd7 15. Na3 O-O 16. Qg4 Qf6 17. Bc1 Rbb8 18. Bd2 e4 19. Qh3 Rbd8 20. Nc4
Bc5 21. Qg3 Ne5 22. Bc3 Nf3+ 23. Qxf3 Qxf3 24. gxf3 exf3 25. Ne5 a6 26. Nxf3
Rd5 27. Re5 c6 28. Rxd5 cxd5 29. Rd1 Rd8 30. Ba1 f6 31. c4 Re8 32. cxd5 Re2 33.
Bd4 Bd6 34. Nd2 Kf7 35. Be3 Ke7 36. Kf1 Rxd2 37. Rxd2 g5 38. h3 f5 39. Re2 Bb4
40. Bc5+ Kd7 41. Bxb4 f4 42. d6 1-0

[Event "59581 I. Budapest Open"]
[Site "Budapest, Hungary"]
[Date "2011.08.25"]
[Round "6.23"]
[White "Matos, Balint"]
[Black "Nemeth, Jozsef"]
[Result "1/2-1/2"]
[WhiteElo "1628"]
[BlackElo "1671"]
[PlyCount "77"]
[EventDate "2011.??.??"]
 
1. e4 c5 2. Nf3 d6 3. d4 cxd4 4. Nxd4 a6 5. Nc3 Nf6 6. Be2 Nc6 7. Be3 g6 8. f3
Bg7 9. Qd2 d5 10. Nxc6 bxc6 11. exd5 Nxd5 12. Nxd5 Qxd5 13. Qxd5 cxd5 14. Rb1
Rb8 15. b3 Bc3+ 16. Kf2 O-O 17. Rhd1 Rd8 18. Bd4 Bxd4+ 19. Rxd4 e5 20. Ra4 Rb6
21. Rd1 Bb7 22. Ra5 f6 23. Rc5 Rbd6 24. Rc7 R8d7 25. Rxd7 Rxd7 26. Bc4 Kf8 27.
Be2 d4 28. c3 Ke7 29. cxd4 exd4 30. Bc4 f5 31. f4 a5 32. g3 Rd6 33. h4 Kd7 34.
Ke2 Kc6 35. Re1 Kc5 36. Kd2 Be4 37. Rc1 Kb4 38. a3+ Kxa3 39. Ra1+ 1/2-1/2

[Event "59581 I. Budapest Open"]
[Site "Budapest, Hungary"]
[Date "2011.08.25"]
[Round "6.24"]
[White "Moharos, Viktor"]
[Black "Karacsonyi, Gellert"]
[Result "1-0"]
[WhiteElo "1523"]
[BlackElo "1269"]
[PlyCount "57"]
[EventDate "2011.??.??"]
 
1. d4 f5 2. e3 Nf6 3. c4 g6 4. Nc3 Bg7 5. Nf3 O-O 6. Be2 d6 7. h4 Qe8 8. Ng5 e5
9. Nd5 Ne4 10. Nxc7 Qc6 11. Nxa8 b6 12. Nxb6 axb6 13. Ne6 Bxe6 14. d5 Qc5 15.
dxe6 f4 16. e7 Re8 17. h5 Qb4+ 18. Kf1 fxe3 19. Qd5+ Kh8 20. Qxe4 exf2 21. Bg5
Qxb2 22. Rd1 Qxa2 23. hxg6 h6 24. Bxh6 Qa5 25. Bxg7+ Kxg7 26. Rh7+ Kf6 27. Rf7+
Kg5 28. Qf5+ Kh4 29. Qg4# 1-0

[Event "59581 I. Budapest Open"]
[Site "Budapest, Hungary"]
[Date "2011.08.26"]
[Round "7.1"]
[White "Koczo, Kristof"]
[Black "Palla, Akos Botond"]
[Result "1-0"]
[WhiteElo "2242"]
[BlackElo "1824"]
[PlyCount "137"]
[EventDate "2011.??.??"]
 
1. d4 d5 2. Nf3 Nf6 3. c4 e6 4. Nc3 c6 5. Bg5 Nbd7 6. cxd5 exd5 7. e3 Be7 8.
Bd3 O-O 9. Qc2 Re8 10. O-O Nf8 11. Rab1 Ne4 12. Bxe7 Qxe7 13. b4 a6 14. a4 Bf5
15. Rfc1 Nxc3 16. Qxc3 Be4 17. Bxe4 Qxe4 18. Qc2 Rac8 19. Qxe4 dxe4 20. Ne5 Re6
21. Rc2 Ng6 22. Nxg6 Rxg6 23. b5 axb5 24. axb5 Rd6 25. g3 Kf8 26. bxc6 Rdxc6
27. Rcb2 Rc1+ 28. Rxc1 Rxc1+ 29. Kg2 Rc7 30. Kh3 f5 31. g4 Rf7 32. Kg3 fxg4 33.
Kxg4 Rf3 34. h4 h6 35. h5 Kg8 36. Rxb7 Rxf2 37. Re7 Rg2+ 38. Kf4 Rh2 39. Re5
Rh4+ 40. Kg3 Rh1 41. Kg2 Ra1 42. Rxe4 Ra5 43. Rh4 Kf7 44. Kf3 Rg5 45. e4 Ke6
46. Kf4 Rg1 47. Rg4 Rf1+ 48. Ke3 Rh1 49. Rxg7 Rxh5 50. Rg6+ Kf7 51. Ra6 Rh1 52.
e5 Re1+ 53. Kf4 h5 54. Kf5 Rf1+ 55. Ke4 Re1+ 56. Kd5 Rg1 57. Rf6+ Ke7 58. Rh6
Rg7 59. Rxh5 Kd7 60. Rh6 Kd8 61. Ra6 Rc7 62. e6 Ke7 63. Ke5 Rb7 64. d5 Rb5 65.
Ra7+ Kd8 66. Kd6 Rb6+ 67. Kc5 Rb1 68. d6 Rc1+ 69. Kb4 1-0

[Event "59581 I. Budapest Open"]
[Site "Budapest, Hungary"]
[Date "2011.08.26"]
[Round "7.2"]
[White "Barabas, Attila"]
[Black "Halak, Miklos"]
[Result "1/2-1/2"]
[WhiteElo "2001"]
[BlackElo "2033"]
[PlyCount "90"]
[EventDate "2011.??.??"]
 
1. d4 c5 2. dxc5 e5 3. b4 a5 4. c3 Nc6 5. Bd2 Nf6 6. e3 g6 7. Nf3 e4 8. Nd4 Bg7
9. Bb5 Ne5 10. f4 exf3 11. Nxf3 Nxf3+ 12. Qxf3 axb4 13. cxb4 Nd5 14. O-O O-O
15. Qxd5 Bxa1 16. Bc3 Bxc3 17. Nxc3 Kg7 18. Ne4 f6 19. Nd6 Rb8 20. h4 b6 21. h5
bxc5 22. bxc5 Qe7 23. Rf3 Qe6 24. Qd4 Bb7 25. h6+ Kxh6 26. Bc4 Qe7 27. Qh4+ Kg7
28. Rh3 Kh8 29. Qg3 Be4 30. Nf7+ Rxf7 31. Qxb8+ Rf8 32. Qc7 Bc6 33. Bd3 Qf7 34.
Qd6 Ra8 35. Bb1 Ra4 36. e4 Kg7 37. e5 f5 38. Bc2 Ra8 39. Bb3 Qf8 40. Qd4 h5 41.
Rg3 f4 42. Rd3 Kh7 43. Qd6 Qf5 44. e6 Qe4 45. Rd2 Qe1+ 1/2-1/2

[Event "59581 I. Budapest Open"]
[Site "Budapest, Hungary"]
[Date "2011.08.26"]
[Round "7.3"]
[White "Teglas, Balazs"]
[Black "Rajcsanyi, Peter"]
[Result "1-0"]
[WhiteElo "2207"]
[BlackElo "1896"]
[PlyCount "85"]
[EventDate "2011.??.??"]
 
1. d4 Nf6 2. Bf4 e6 3. e3 c5 4. c3 d5 5. Nd2 Nc6 6. Bd3 Be7 7. h3 c4 8. Bc2 O-O
9. Ngf3 Bd6 10. Ne5 Qc7 11. Ndf3 Ne4 12. Nxc6 bxc6 13. Bxe4 dxe4 14. Bxd6 Qxd6
15. Nd2 f5 16. Nxc4 Qd5 17. Ne5 Ba6 18. Qa4 Qb5 19. Qxb5 cxb5 20. Kd2 Bb7 21.
a4 a6 22. Ra3 Bd5 23. axb5 axb5 24. Rha1 g5 25. Rxa8 Rxa8 26. Rxa8+ Bxa8 27. b3
Kf8 28. Kc2 h5 29. Kb2 b4 30. cxb4 Ke7 31. b5 f4 32. exf4 Kf6 33. fxg5+ Kxg5
34. Nc4 Kf4 35. Ne3 h4 36. Kc3 Bb7 37. Kc4 Bc8 38. Kc5 Bb7 39. Kb6 Bd5 40.
Nxd5+ exd5 41. Kc5 e3 42. fxe3+ Kg3 43. b6 1-0

[Event "59581 I. Budapest Open"]
[Site "Budapest, Hungary"]
[Date "2011.08.26"]
[Round "7.4"]
[White "Schubert, Gyula"]
[Black "Farkas, Laszlo"]
[Result "1-0"]
[WhiteElo "2105"]
[BlackElo "1911"]
[PlyCount "55"]
[EventDate "2011.??.??"]
 
1. d4 Nf6 2. Nf3 e6 3. e3 a6 4. Bd3 d5 5. O-O b6 6. Nbd2 Bb7 7. Ne5 Nbd7 8. f4
Bd6 9. Qf3 c5 10. c3 Qc7 11. Qg3 g6 12. Qh3 Ne4 13. Ndf3 Nxe5 14. fxe5 Be7 15.
Bd2 Ng5 16. Qh6 Nxf3+ 17. Rxf3 Bf8 18. Qh4 Qe7 19. Qf2 Bg7 20. Rf1 O-O 21. Rf6
Ra7 22. Qh4 Bc6 23. R1f3 Qd8 24. Rh3 Re8 25. Qxh7+ Kf8 26. Rhf3 Bb5 27. Bxb5
axb5 28. Rxg6 1-0

[Event "59581 I. Budapest Open"]
[Site "Budapest, Hungary"]
[Date "2011.08.26"]
[Round "7.5"]
[White "Kozma, Gabor"]
[Black "Torok, Tamas Titusz"]
[Result "1/2-1/2"]
[WhiteElo "1927"]
[BlackElo "2059"]
[PlyCount "137"]
[EventDate "2011.??.??"]
 
1. e4 e5 2. Nf3 Nc6 3. Bb5 Nd4 4. Nxd4 exd4 5. O-O Bc5 6. d3 c6 7. Bc4 d5 8.
Bb3 Ne7 9. Re1 O-O 10. Bg5 f6 11. Bh4 Kh8 12. Nd2 Ng6 13. Bg3 f5 14. f3 dxe4
15. fxe4 f4 16. Bf2 Ne5 17. Qh5 Bd6 18. Bh4 Qc7 19. h3 b5 20. Rf1 Bd7 21. Qe2
c5 22. Bd5 Rae8 23. c3 Ng6 24. Bf2 f3 25. Nxf3 Nf4 26. Qc2 dxc3 27. bxc3 Bxh3
28. Bg3 Nxd5 29. Bxd6 Qxd6 30. exd5 Qxd5 31. Rae1 Bf5 32. Rxe8 Rxe8 33. Re1
Rxe1+ 34. Nxe1 c4 35. dxc4 bxc4 36. Qe2 Be4 37. Qf2 a6 38. Qf8+ Qg8 39. Qd6 Qa8
40. Qd4 Bd5 41. Nf3 Bxf3 42. gxf3 Qc8 43. Kf2 h6 44. Qe4 Qc5+ 45. Kg2 Qg5+ 46.
Kh3 Qh5+ 47. Kg3 Qb5 48. Qa8+ Kh7 49. Qe4+ Kg8 50. Qe6+ Kf8 51. Qd6+ Kf7 52.
Qc7+ Kg6 53. Qd6+ Kh7 54. Qe6 Qg5+ 55. Kf2 Qd2+ 56. Kg3 Qxc3 57. Qe4+ g6 58.
Qb7+ Qg7 59. Qxa6 Qc7+ 60. Kf2 c3 61. Qa3 c2 62. Qc1 Qc3 63. Kg3 g5 64. Kg2 Qd3
65. a4 Qd1 66. Qa3 c1=Q 67. Qe7+ Kg6 68. Qe6+ Kg7 69. Qe7+ 1/2-1/2

[Event "59581 I. Budapest Open"]
[Site "Budapest, Hungary"]
[Date "2011.08.26"]
[Round "7.6"]
[White "Farkas, Akos"]
[Black "Farkas, Richard"]
[Result "0-1"]
[WhiteElo "1683"]
[BlackElo "2039"]
[PlyCount "120"]
[EventDate "2011.??.??"]
 
1. e4 c5 2. Nf3 e6 3. d4 cxd4 4. Nxd4 a6 5. Nc3 Qc7 6. Bd3 Bc5 7. Be3 Nf6 8.
O-O b5 9. a4 b4 10. Nce2 Bb7 11. Ng3 h5 12. h4 Ng4 13. Qf3 g6 14. Nde2 Bxe3 15.
fxe3 O-O 16. Nf4 Nc6 17. Nh3 Nce5 18. Qf4 f6 19. Nf2 Qc5 20. Nxg4 Nxg4 21. Rae1
e5 22. Qf3 f5 23. Qe2 f4 24. Nh1 Nxe3 25. Qf2 d6 26. b3 Nxf1 27. Kxf1 Qxf2+ 28.
Nxf2 Kg7 29. Nh3 Kf6 30. Ng5 Rfe8 31. Kf2 a5 32. Ke2 Ba6 33. Rf1 Rec8 34. Bxa6
Rxa6 35. Kd1 Rc3 36. Rf2 Rac6 37. Re2 Ke7 38. Nf3 Re3 39. Rxe3 fxe3 40. Ne1 Kf6
41. Nf3 Rc3 42. Kc1 e2 43. Kd2 e1=Q+ 44. Nxe1 Rg3 45. Ke2 Rg4 46. Kf3 Rf4+ 47.
Ke3 Rxh4 48. Nd3 Rg4 49. Kf3 d5 50. Nc5 d4 51. g3 Rg5 52. Nd3 Ke6 53. Nf2 Kd6
54. Kg2 d3 55. cxd3 Kc5 56. Kh3 Kd4 57. Kh4 Rg4+ 58. Kh3 Ke3 59. Kg2 g5 60. d4
Rxe4 0-1

[Event "59581 I. Budapest Open"]
[Site "Budapest, Hungary"]
[Date "2011.08.26"]
[Round "7.7"]
[White "Medve, Mark"]
[Black "Szatmari, David"]
[Result "0-1"]
[WhiteElo "1635"]
[BlackElo "2021"]
[PlyCount "110"]
[EventDate "2011.??.??"]
 
1. d4 Nf6 2. c4 e6 3. Nf3 b6 4. g3 Bb7 5. Bg2 Bb4+ 6. Bd2 a5 7. O-O O-O 8. a3
Be7 9. Nc3 c5 10. Bg5 d6 11. Bxf6 Bxf6 12. e4 Ba6 13. Qd3 Nd7 14. d5 exd5 15.
exd5 Be5 16. b3 f5 17. Nxe5 Nxe5 18. Qd2 a4 19. f4 Nd7 20. Rfb1 axb3 21. Bf1
Re8 22. Rxb3 Qf6 23. Rbb1 Re7 24. Re1 Rae8 25. Rxe7 Rxe7 26. Re1 Rxe1 27. Qxe1
Qd4+ 28. Kg2 Nf8 29. Na4 Bxc4 30. Bxc4 Qxc4 31. Nxb6 Qa6 32. Nd7 Qb7 33. Nxf8
Qxd5+ 34. Kh3 Kxf8 35. Qa5 Qc6 36. a4 c4 37. Qxf5+ Kg8 38. Qe6+ Kh8 39. f5 c3
40. f6 gxf6 41. Qf7 Qc8+ 42. Kg2 c2 43. Qxf6+ Kg8 44. Qg5+ Kf7 45. Qf4+ Ke8 46.
Qe3+ Kd7 47. Qc1 Qb7+ 48. Kh3 Qb1 49. Qf4 c1=Q 50. Qf7+ Kc6 51. Qe8+ Kb7 52.
Qe7+ Qc7 53. Qe2 Qf5+ 54. g4 Qc3+ 55. Kg2 Qcc2 0-1

[Event "59581 I. Budapest Open"]
[Site "Budapest, Hungary"]
[Date "2011.08.26"]
[Round "7.8"]
[White "Szalontay, Mihaly"]
[Black "Szentgyorgyi, Sandor"]
[Result "1-0"]
[WhiteElo "1971"]
[BlackElo "1862"]
[PlyCount "79"]
[EventDate "2011.??.??"]
 
1. e4 c5 2. c3 d5 3. exd5 Qxd5 4. d4 e6 5. Nf3 Nf6 6. Be2 Nc6 7. O-O Be7 8. Be3
cxd4 9. cxd4 a6 10. Nc3 Qd6 11. Qd2 O-O 12. Bf4 Qd7 13. Ne5 Nxe5 14. Bxe5 Nd5
15. Rac1 Bd6 16. Nxd5 exd5 17. Rc2 Qe6 18. f4 Bxe5 19. dxe5 Bd7 20. Qd4 Rfe8
21. Bf3 Bc6 22. h3 Rad8 23. Rd2 g6 24. a4 b5 25. a5 Qd7 26. b4 Re7 27. Rc1 Ba8
28. Rdc2 Qa7 29. Qxa7 Rxa7 30. Rc8 Rxc8 31. Rxc8+ Kg7 32. Kf2 f5 33. Ke3 d4+
34. Kxd4 Rd7+ 35. Kc5 Bxf3 36. gxf3 Rd3 37. Kb6 Rd4 38. Kxa6 Rxb4 39. Kb6 Rc4
40. a6 1-0

[Event "59581 I. Budapest Open"]
[Site "Budapest, Hungary"]
[Date "2011.08.26"]
[Round "7.9"]
[White "Markos, Adam"]
[Black "Kellerwessel, Ralf"]
[Result "1/2-1/2"]
[WhiteElo "1942"]
[BlackElo "1863"]
[PlyCount "75"]
[EventDate "2011.??.??"]
 
1. e4 e5 2. Nf3 Nc6 3. d4 exd4 4. Bc4 Nf6 5. O-O Bc5 6. c3 Nxe4 7. cxd4 Be7 8.
d5 Nb8 9. Re1 Nd6 10. Bb3 O-O 11. Bf4 Nf5 12. Qd3 d6 13. Nc3 Na6 14. Bc4 Nc5
15. Qe2 Bf6 16. Rac1 a5 17. Nb5 Bd7 18. Qd2 Nh4 19. Nxh4 Bxh4 20. Be3 Re8 21.
Bxc5 dxc5 22. g3 Bf6 23. h4 Rxe1+ 24. Rxe1 Bxb5 25. Bxb5 c6 26. Bf1 cxd5 27.
Bg2 Bd4 28. Qe2 h6 29. Qb5 Rb8 30. Re2 Qd6 31. Re8+ Kh7 32. Qd3+ g6 33. Rxb8
Qxb8 34. Bxd5 Kg7 35. b3 b6 36. Kg2 Qd6 37. Bc4 Qe7 38. Qf3 1/2-1/2

[Event "59581 I. Budapest Open"]
[Site "Budapest, Hungary"]
[Date "2011.08.26"]
[Round "7.10"]
[White "Kozak, Adam"]
[Black "Ruck, Robert"]
[Result "0-1"]
[WhiteElo "1809"]
[BlackElo "1930"]
[PlyCount "60"]
[EventDate "2011.??.??"]
 
1. e4 c5 2. Nf3 e6 3. d4 cxd4 4. Nxd4 a6 5. Nc3 Qc7 6. Bd3 Nf6 7. Qe2 d6 8. O-O
Be7 9. f4 Nbd7 10. Bd2 O-O 11. Kh1 b5 12. Rae1 Bb7 13. e5 Ne8 14. Qg4 Nc5 15.
Re3 g6 16. b4 Nxd3 17. cxd3 Ng7 18. Rc1 Qb6 19. Nce2 Rac8 20. Rf1 Nf5 21. Nxf5
exf5 22. Qh3 dxe5 23. fxe5 Bg5 24. Nf4 Rc2 25. Re2 Bxf4 26. Rxf4 Qc6 27. Qg3
Rxd2 28. Qe1 Rxd3 29. Rh4 Re3 30. h3 Qxg2+ 0-1

[Event "59581 I. Budapest Open"]
[Site "Budapest, Hungary"]
[Date "2011.08.26"]
[Round "7.11"]
[White "Mester, Attila"]
[Black "Balla, Attila"]
[Result "1-0"]
[WhiteElo "2119"]
[BlackElo "1722"]
[PlyCount "31"]
[EventDate "2011.??.??"]
 
1. e4 e5 2. Nf3 Nc6 3. d4 exd4 4. Nxd4 Qf6 5. Be3 Bc5 6. Nb5 Bxe3 7. fxe3 Qd8
8. Qg4 g6 9. Qf4 d6 10. Bc4 Ne5 11. O-O Qe7 12. N1c3 g5 13. Qf2 Ng4 14. Bxf7+
Kd8 15. Qe2 c6 16. Nxd6 1-0

[Event "59581 I. Budapest Open"]
[Site "Budapest, Hungary"]
[Date "2011.08.26"]
[Round "7.12"]
[White "Kalmar, Karoly"]
[Black "Szoukup, Istvan"]
[Result "1/2-1/2"]
[WhiteElo "2023"]
[BlackElo "1825"]
[PlyCount "46"]
[EventDate "2011.??.??"]
 
1. e4 e5 2. Nf3 Nc6 3. Be2 Nf6 4. d3 d5 5. Nbd2 Be7 6. O-O O-O 7. c3 a5 8. a4
b6 9. Qc2 Ba6 10. Re1 dxe4 11. dxe4 Bxe2 12. Rxe2 Qd7 13. Nf1 Rad8 14. Rd2 Qg4
15. Ng3 Rxd2 16. Bxd2 Rd8 17. Re1 Qd7 18. h3 Qd3 19. Qb3 Nd4 20. Nxd4 Rxd4 21.
Re3 Qb1+ 22. Re1 Qd3 23. Re3 Qb1+ 1/2-1/2